000
00462nam a2200145Ia 4500
008
090122s9999 xx 000 0 und d
082
_b
5648
_a
910.09
100
_a
मडईकर
_b
नंदा
_c
प्रे
245
_a
सफारी पश्चिमेची
600
_a
मडईकर
630
_a
सफारी पश्चिमेची
700
_a
मडईकर
730
_a
सफारी पश्चिमेची
942
_c
BOOK
999
_c
29726
_d
29726